[Event "GER-ch U18"]
[Site "Willingen"]
[Date "2021.08.25"]
[Round "4"]
[White "Mankel, Luca"]
[Black "Lieberwirth, Kasimir"]
[Result "0-1"]
[WhiteElo "1916"]
[BlackElo "2074"]
[PlyCount "116"]
[EventDate "2021.08.22"]
[EventType "swiss"]
[EventRounds "9"]
[EventCountry "GER"]
[SourceTitle "EXT 2022"]
[Source "ChessBase"]
[SourceDate "2021.10.06"]
[SourceVersion "1"]
[SourceVersionDate "2021.10.06"]
[SourceQuality "1"]

1. d4 d5 2. c4 e6 3. Nf3 Be7 4. g3 Nf6 5. Bg2 0-0 6. 0-0 Nbd7 7. b3 Ne4 8. Bb2 c6 9. Nfd2 f5 10. f3 Nxd2 11. Qxd2 g5 12. Nc3 f4 13. Bh3 Nf6 14. gxf4 Nh5 15. fxg5 Nf4 16. Bg2 Bxg5 17. e3 Nxg2 18. Qxg2 Kh8 19. f4 Bf6 20. Rf3 Bd7 21. Kh1 Be8 22. Ba3 Rg8 23. Rg3 Bg6 24. Rg1 Bf5 25. Rxg8+ Qxg8 26. Qxg8+ Rxg8 27. Bd6 Rxg1+ 28. Kxg1 Bh4 29. cxd5 exd5 30. Kf1 Bd3+ 31. Kg2 Be1 32. Bb4 a5 33. Bxa5 b6 34. Bb4 c5 35. dxc5 bxc5 36. Bxc5 Bxc3 37. Bd4+ Bxd4 38. exd4 Kg7 39. a4 Kf6 40. Kf3 Kf5 41. a5 Ba6 42. b4 Kf6 43. Kg4 Be2+ 44. Kg3 Kf5 45. Kf2 Bc4 46. Kf3 Ba6 47. h3 Kg6 48. Kg4 Bd3 49. Kf3 Kf6 50. Kg4 Kg6 51. Kf3 Kh5 52. Kg3 Bf1 53. h4 Kg6 54. Kg4 Be2+ 55. Kg3 h5 56. Kf2 Bc4 57. Kg3 Kf5 58. Kf3 Bb5 0-1

[Event "GER-ch Net blitz qual3"]
[Site "Playchess.com INT"]
[Date "2021.05.07"]
[Round "8"]
[White "Cmiel, Thorsten"]
[Black "Lieberwirth, Kasimir"]
[Result "1-0"]
[WhiteElo "2000"]
[BlackElo "1802"]
[PlyCount "89"]
[EventDate "2021.05.07"]
[EventType "swiss (blitz)"]
[EventRounds "11"]
[EventCountry "GER"]
[SourceTitle "CBM 202 Extra"]
[Source "ChessBase"]
[SourceDate "2021.07.31"]
[SourceVersion "1"]
[SourceVersionDate "2021.07.31"]
[SourceQuality "1"]

1. d4 d5 2. Nf3 Nf6 3. g3 Bg4 4. Bg2 e6 5. h3 Bh5 6. c4 c6 7. Qb3 Qb6 8. c5 Qxb3 9. axb3 Nbd7 10. b4 Bxf3 11. Bxf3 e5 12. e3 a6 13. Nc3 Be7 14. b5 cxb5 15. Nxb5 0-0 16. Nc7 Rac8 17. Nxd5 Nxd5 18. Bxd5 b6 19. Bb7 Rc7 20. c6 Nb8 21. dxe5 Nxc6 22. Bxc6 Bb4+ 23. Bd2 Bxd2+ 24. Kxd2 Rd8+ 25. Ke2 Rxc6 26. Rhc1 Rxc1 27. Rxc1 Kf8 28. Rc6 Rb8 29. f4 g6 30. Kd3 Ke7 31. Rc7+ Ke6 32. Ke4 h5 33. g4 hxg4 34. hxg4 f5+ 35. exf6 Kxf6 36. g5+ Ke6 37. Rg7 Rc8 38. Rxg6+ Kd7 39. Rxb6 Re8+ 40. Kf3 Rc8 41. f5 Rc2 42. g6 Rc1 43. g7 Rf1+ 44. Ke4 Rg1 45. Rb8 1-0

[Event "GER-ch Net blitz qual3"]
[Site "Playchess.com INT"]
[Date "2021.05.07"]
[Round "4"]
[White "Lieberwirth, Kasimir"]
[Black "Haus, Volker"]
[Result "0-1"]
[WhiteElo "1802"]
[BlackElo "2003"]
[PlyCount "48"]
[EventDate "2021.05.07"]
[EventType "swiss (blitz)"]
[EventRounds "11"]
[EventCountry "GER"]
[SourceTitle "CBM 202 Extra"]
[Source "ChessBase"]
[SourceDate "2021.07.31"]
[SourceVersion "1"]
[SourceVersionDate "2021.07.31"]
[SourceQuality "1"]

1. e4 c5 2. Nf3 Nc6 3. d4 cxd4 4. Nxd4 e5 5. Nb5 a6 6. Nd6+ Bxd6 7. Qxd6 Qf6 8. Qd1 Qg6 9. Nc3 Nf6 10. f3 0-0 11. Be3 d5 12. exd5 Nb4 13. Bd3 Qxg2 14. Rg1 Qxh2 15. a3 Nbxd5 16. Nxd5 Nxd5 17. Bxh7+ Qxh7 18. Qxd5 Be6 19. Qxe5 Rfe8 20. 0-0-0 Rac8 21. Rd2 Bb3 22. Qg3 Rxc2+ 23. Kd1 Rxd2+ 24. Kxd2 Qc2+ 0-1

[Event "GER-ch Net blitz qual3"]
[Site "Playchess.com INT"]
[Date "2021.05.07"]
[Round "1"]
[White "Lieberwirth, Kasimir"]
[Black "Minotas, Fotios"]
[Result "1-0"]
[WhiteElo "1802"]
[BlackElo "1409"]
[PlyCount "79"]
[EventDate "2021.05.07"]
[EventType "swiss (blitz)"]
[EventRounds "11"]
[EventCountry "GER"]
[SourceTitle "CBM 202 Extra"]
[Source "ChessBase"]
[SourceDate "2021.07.31"]
[SourceVersion "1"]
[SourceVersionDate "2021.07.31"]
[SourceQuality "1"]

1. e4 c5 2. Nf3 d6 3. d4 cxd4 4. Nxd4 Nf6 5. Nc3 a6 6. h4 e6 7. g4 h6 8. Rg1 Be7 9. g5 hxg5 10. hxg5 Nh5 11. g6 fxg6 12. Qg4 g5 13. Nf3 e5 14. Qg2 g4 15. Nh2 Nc6 16. Be3 Be6 17. 0-0-0 Nf4 18. Bxf4 exf4 19. Nxg4 Bxg4 20. Qxg4 Bf6 21. Qg6+ Ke7 22. Nd5+ Ke6 23. Bc4 Kd7 24. Nxf4 Ne5 25. Be6+ Kc7 26. Qg3 Qe7 27. Nd5+ Kd8 28. Nxe7 Kxe7 29. f4 Nc6 30. Bd5 Nb4 31. c3 Nc6 32. Bxc6 bxc6 33. e5 dxe5 34. fxe5 Bh4 35. Qxg7+ Ke6 36. Rg6+ Kf5 37. Qf7+ Ke4 38. Rg4+ Ke3 39. Qf5 Raf8 40. Re4# 1-0

[Event "GER-ch Net blitz qual3"]
[Site "Playchess.com INT"]
[Date "2021.05.07"]
[Round "2"]
[White "Marcziter, Dmitrii"]
[Black "Lieberwirth, Kasimir"]
[Result "1-0"]
[WhiteElo "2039"]
[BlackElo "1802"]
[PlyCount "67"]
[EventDate "2021.05.07"]
[EventType "swiss (blitz)"]
[EventRounds "11"]
[EventCountry "GER"]
[SourceTitle "CBM 202 Extra"]
[Source "ChessBase"]
[SourceDate "2021.07.31"]
[SourceVersion "1"]
[SourceVersionDate "2021.07.31"]
[SourceQuality "1"]

1. d4 d5 2. c4 c6 3. Nf3 Nf6 4. Nc3 dxc4 5. e4 b5 6. e5 Nd5 7. Ng5 e6 8. Qf3 Qc7 9. a3 h6 10. Nge4 Be7 11. Be2 Nd7 12. 0-0 N7b6 13. Qg3 g6 14. Nd6+ Bxd6 15. exd6 Qd8 16. Ne4 Nd7 17. a4 Bb7 18. h4 h5 19. Bg5 Qb6 20. Rfd1 a5 21. Rac1 Rg8 22. b3 cxb3 23. Qxb3 bxa4 24. Qxa4 Rc8 25. Nc5 Nxc5 26. dxc5 Qb4 27. Qc2 Rb8 28. Rb1 Qa3 29. Rd3 Nb4 30. Rxa3 Nxc2 31. Rxa5 Kd7 32. Ra7 Kc8 33. Ba6 Bxa6 34. Rc7# 1-0

[Event "GER-ch Net Amateur Gr-A Vor3"]
[Site "Playchess.com INT"]
[Date "2020.04.16"]
[Round "3"]
[White "Zielinski Backens, Werner"]
[Black "Lieberwirth, Kasimir"]
[Result "0-1"]
[WhiteElo "1558"]
[BlackElo "1833"]
[PlyCount "108"]
[EventDate "2020.04.16"]
[EventType "swiss (blitz)"]
[EventRounds "9"]
[EventCountry "GER"]
[SourceTitle "CBM 195 Extra"]
[Source "ChessBase"]
[SourceDate "2020.05.31"]
[SourceVersion "1"]
[SourceVersionDate "2020.05.31"]
[SourceQuality "1"]

1. d4 d5 2. Bf4 c5 3. e3 cxd4 4. exd4 Nc6 5. Bb5 Nf6 6. Nf3 Qa5+ 7. Nc3 Ne4 8. Rb1 Bd7 9. 0-0 Nxc3 10. bxc3 e6 11. Bd3 Be7 12. Rxb7 Qxc3 13. Qb1 Rd8 14. Rc7 Qa3 15. Rxd7 Rxd7 16. Qb5 Bd6 17. Qxc6 Bxf4 18. Bb5 Qe7 19. Ne5 Bxe5 20. dxe5 f6 21. Qc8+ Qd8 22. Bxd7+ Ke7 23. Qb7 Qxd7 24. Rb1 Rd8 25. Kf1 fxe5 26. Qb4+ Kf7 27. Qh4 h6 28. Qh5+ Kg8 29. Qg6 Qf7 30. Qg3 Qf5 31. Qh4 Rc8 32. Qb4 Qxc2 33. Re1 Qd3+ 34. Kg1 e4 35. Qe7 Qa6 36. Qd7 Qc6 37. Qe7 Rc7 38. Qd8+ Kh7 39. h4 Rd7 40. Qe8 Rc7 41. Qh5 Re7 42. Qe5 Qc7 43. Qd4 Qb6 44. Qxd5 exd5 45. Re3 Qd6 46. Rg3 Rd7 47. h5 Qe5 48. Kh2 Qa1 49. Kh3 Qxa2 50. Kh2 Qc4 51. Re3 Rb7 52. Kh3 Rb3 53. Kg3 Rxe3+ 54. fxe3 Qe2 0-1

[Event "GER-ch Net Amateur Gr-A Vor1"]
[Site "Playchess.com INT"]
[Date "2020.04.14"]
[Round "4"]
[White "Lieberwirth, Kasimir"]
[Black "Hund, Sarah"]
[Result "1-0"]
[WhiteElo "1965"]
[BlackElo "1617"]
[PlyCount "79"]
[EventDate "2020.04.14"]
[EventType "swiss (blitz)"]
[EventRounds "9"]
[EventCountry "GER"]
[SourceTitle "EXT 2021"]
[Source "ChessBase"]
[SourceDate "2020.10.23"]
[SourceVersion "1"]
[SourceVersionDate "2020.10.23"]
[SourceQuality "1"]

1. d4 Nf6 2. Bf4 d5 3. e3 e6 4. Nd2 c5 5. c3 Nc6 6. Bd3 Bd7 7. Ngf3 cxd4 8. exd4 Nh5 9. Bg5 f6 10. Be3 Bd6 11. g3 g6 12. Qc2 Ng7 13. Bh6 0-0 14. h4 e5 15. dxe5 fxe5 16. 0-0-0 e4 17. Nxe4 dxe4 18. Bxe4 Qf6 19. h5 Ne7 20. hxg6 hxg6 21. Bg5 Qe6 22. Rh6 Nef5 23. Bd5 Qxd5 24. Rxd5 Bc6 25. Rxd6 Nxd6 26. Nd4 Rae8 27. Bd2 Rxf2 28. Nxc6 bxc6 29. Qxg6 Ree2 30. Qxd6 Rxd2 31. Qxd2 Rxd2 32. Kxd2 Nf5 33. Rxc6 Kf7 34. Rc7+ Ke6 35. Rxa7 Nxg3 36. Ra6+ Kd5 37. Ke3 Nf5+ 38. Kd3 Nd6 39. Rxd6+ Kxd6 40. a4 1-0

[Event "Pardubice Czech op-A 30th"]
[Site "Pardubice"]
[Date "2019.07.23"]
[Round "5"]
[White "Lieberwirth, Kasimir"]
[Black "Simet, Martin"]
[Result "0-1"]
[WhiteElo "2035"]
[BlackElo "2244"]
[PlyCount "92"]
[EventDate "2019.07.19"]
[EventType "swiss"]
[EventRounds "9"]
[EventCountry "CZE"]
[SourceTitle "CBM 191"]
[Source "ChessBase"]
[SourceDate "2019.08.31"]
[SourceVersion "1"]
[SourceVersionDate "2019.08.31"]
[SourceQuality "1"]

1. e4 c5 2. Nf3 Nc6 3. Bb5 g6 4. 0-0 Bg7 5. c3 a6 6. Bxc6 dxc6 7. Qe2 Qc7 8. h3 Nf6 9. d3 0-0 10. Be3 b6 11. Nbd2 a5 12. Ne1 Nh5 13. g4 Nf4 14. Bxf4 Qxf4 15. Ng2 Qc7 16. f4 Ba6 17. Nc4 a4 18. Qc2 Rfd8 19. Rad1 Rd7 20. Nce3 a3 21. b3 Rad8 22. Nc4 b5 23. Nce3 Qa5 24. e5 Qb6 25. Ne1 c4 26. d4 c5 27. bxc4 cxd4 28. c5 Qc6 29. cxd4 Rxd4 30. N1g2 Bf8 31. Rxd4 Rxd4 32. f5 b4 33. Rf4 Bd3 34. Qd2 Rd7 35. e6 fxe6 36. fxg6 Bh6 37. gxh7+ Bxh7 38. Rd4 Rxd4 39. Qxd4 b3 40. axb3 a2 41. Qd8+ Kf7 42. Qa5 Bb1 43. Nd1 Qf3 44. Nc3 Bd2 45. c6 Bxc3 46. Qh5+ Bg6 0-1

[Event "GER-chT U16"]
[Site "Aurich"]
[Date "2018.12.27"]
[Round "1.1"]
[White "Lieberwirth, Kasimir"]
[Black "Kopylov, Daniel"]
[Result "1-0"]
[WhiteElo "2104"]
[BlackElo "2239"]
[PlyCount "80"]
[EventDate "2018.12.27"]
[EventType "team-swiss"]
[EventRounds "7"]
[EventCountry "GER"]
[SourceTitle "CBM 188 Extra"]
[Source "ChessBase"]
[SourceDate "2019.02.28"]
[SourceVersion "1"]
[SourceVersionDate "2019.02.28"]
[SourceQuality "1"]
[WhiteTeam "Leipzig Turm"]
[BlackTeam "Harksheide"]
[WhiteTeamCountry "GER"]
[BlackTeamCountry "GER"]

1. e4 e6 2. d4 d5 3. Nc3 Bb4 4. e5 Ne7 5. a3 Bxc3+ 6. bxc3 b6 7. Qg4 Kf8 8. h4 Ba6 9. h5 h6 10. Bxa6 Nxa6 11. Ne2 Nb8 12. a4 Nbc6 13. Ba3 Kg8 14. Qf3 Na5 15. 0-0 Nc4 16. Qd3 Rc8 17. Ng3 c5 18. f4 cxd4 19. cxd4 Nf5 20. Nxf5 exf5 21. Rf2 Qd7 22. g4 g6 23. hxg6 fxg6 24. e6 Qxe6 25. Re2 Qf6 26. Rae1 Nxa3 27. Qxa3 Qxd4+ 28. Kh1 Qc5 29. Qb2 Qc3 30. Re8+ Kg7 31. R1e7+ Kf6 32. Re6+ Kf7 33. R8e7+ Kf8 34. Re8+ Kf7 35. R8e7+ Kf8 36. Qxc3 Rxc3 37. Re8+ Kf7 38. R8e7+ Kf8 39. Rxa7 fxg4 40. Rxg6 Rc8 1-0

[Event "Sachsen-ch"]
[Site "Leipzig"]
[Date "2018.11.03"]
[Round "2"]
[White "Lieberwirth, Kasimir"]
[Black "Langrock, Hannes"]
[Result "1/2-1/2"]
[WhiteElo "2078"]
[BlackElo "2374"]
[PlyCount "84"]
[EventDate "2018.11.02"]
[EventType "swiss"]
[EventRounds "6"]
[EventCountry "GER"]
[SourceTitle "CBM 187 Extra"]
[Source "ChessBase"]
[SourceDate "2018.11.04"]
[SourceVersion "1"]
[SourceVersionDate "2018.11.04"]
[SourceQuality "1"]

1. e4 e6 2. d4 d5 3. Nc3 Nf6 4. e5 Nfd7 5. f4 c5 6. Nf3 Nc6 7. Be3 a6 8. Qd2 b5 9. a3 Qa5 10. dxc5 Bxc5 11. Bxc5 Nxc5 12. Nd4 Nxd4 13. Qxd4 Na4 14. b4 Qb6 15. Qxb6 Nxb6 16. Bd3 Bd7 17. 0-0 Ke7 18. Rae1 Rac8 19. Ne2 Na4 20. Nd4 Rc3 21. Nb3 g6 22. Kf2 h5 23. g3 Rhc8 24. Rb1 Bc6 25. Ke3 Bb7 26. Kd4 R3c7 27. h3 Rd8 28. Na5 Ba8 29. Rf2 Nb6 30. Ra1 Na4 31. Rh2 Rh8 32. Nb3 Bb7 33. Rc1 Rd8 34. Na5 Nb6 35. Ra1 Ra8 36. Nb3 Na4 37. Rc1 Bc6 38. Nc5 Nxc5 39. Kxc5 Bd7+ 40. Kd4 a5 41. c3 axb4 42. axb4 Rca7 1/2-1/2

[Event "Sachsen-ch"]
[Site "Leipzig"]
[Date "2018.11.03"]
[Round "4"]
[White "Nguyen, Alex Dac Vuong"]
[Black "Lieberwirth, Kasimir"]
[Result "1-0"]
[WhiteElo "2153"]
[BlackElo "2078"]
[PlyCount "61"]
[EventDate "2018.11.02"]
[EventType "swiss"]
[EventRounds "6"]
[EventCountry "GER"]
[SourceTitle "CBM 187 Extra"]
[Source "ChessBase"]
[SourceDate "2018.11.04"]
[SourceVersion "1"]
[SourceVersionDate "2018.11.04"]
[SourceQuality "1"]

1. e4 c5 2. Nf3 d6 3. d4 cxd4 4. Nxd4 Nf6 5. f3 e5 6. Nb3 d5 7. Bg5 Be6 8. Bxf6 gxf6 9. exd5 Bxd5 10. Nc3 Bb4 11. Qd3 Nc6 12. 0-0-0 Be6 13. Qe4 Qe7 14. Nd5 Bxd5 15. Rxd5 Rd8 16. Rxd8+ Kxd8 17. Bb5 Kc7 18. Rd1 Rg8 19. g4 f5 20. Qxf5 Qg5+ 21. Qxg5 Rxg5 22. c3 Be7 23. Bd3 Rg8 24. Bf5 h6 25. Rd7+ Kb8 26. Be4 Bg5+ 27. Kc2 f6 28. Nc5 Nd8 29. Rh7 Kc8 30. Nd7 b6 31. Bf5 1-0

[Event "Sachsen-ch"]
[Site "Leipzig"]
[Date "2018.11.02"]
[Round "1"]
[White "Lieberwirth, Kasimir"]
[Black "Wang, Ruiming"]
[Result "1-0"]
[WhiteElo "2078"]
[BlackElo "1735"]
[PlyCount "37"]
[EventDate "2018.11.02"]
[EventType "swiss"]
[EventRounds "6"]
[EventCountry "GER"]
[SourceTitle "CBM 187 Extra"]
[Source "ChessBase"]
[SourceDate "2018.11.04"]
[SourceVersion "1"]
[SourceVersionDate "2018.11.04"]
[SourceQuality "1"]

1. e4 c5 2. Nf3 d6 3. Bb5+ Bd7 4. Bxd7+ Qxd7 5. 0-0 Nc6 6. c3 Nf6 7. d4 g6 8. d5 Na5 9. Qe2 Rc8 10. c4 Bg7 11. Nc3 Ng4 12. h3 Ne5 13. Nd2 Qc7 14. f4 Nd7 15. Nf3 Nb6 16. e5 Naxc4 17. b3 Na5 18. Bd2 a6 19. Ne4 1-0

[Event "GER-chT U16"]
[Site "Walldorf"]
[Date "2017.12.30"]
[Round "7.1"]
[White "Wendler, David"]
[Black "Lieberwirth, Kasimir"]
[Result "1-0"]
[WhiteElo "2107"]
[BlackElo "1995"]
[PlyCount "51"]
[EventDate "2017.12.26"]
[EventType "team-swiss"]
[EventRounds "7"]
[EventCountry "GER"]
[SourceTitle "CBM 182 Extra"]
[Source "ChessBase"]
[SourceDate "2018.02.23"]
[SourceVersion "1"]
[SourceVersionDate "2018.02.23"]
[SourceQuality "1"]
[WhiteTeam "Bebenhausen"]
[BlackTeam "Leipzig Turm"]
[WhiteTeamCountry "GER"]
[BlackTeamCountry "GER"]

1. e4 c5 2. c3 g6 3. d4 cxd4 4. cxd4 d5 5. exd5 Nf6 6. Nc3 Bg7 7. Bc4 0-0 8. Nge2 Nbd7 9. Nf4 Nb6 10. Bb3 Bf5 11. 0-0 Rc8 12. Re1 Ne8 13. Be3 Nd6 14. Qe2 Qd7 15. f3 h5 16. Bf2 Bh6 17. Nd3 Bxd3 18. Qxd3 Ndc4 19. Re2 Qc7 20. Bg3 Nxb2 21. d6 Qxc3 22. Qxg6+ Bg7 23. Be5 Qc1+ 24. Rxc1 Rxc1+ 25. Kf2 Nd1+ 26. Kg3 1-0

[Event "GER-chT U16"]
[Site "Walldorf"]
[Date "2017.12.27"]
[Round "2.1"]
[White "Lieberwirth, Kasimir"]
[Black "Yaroshenko, Yaroslav"]
[Result "1-0"]
[WhiteElo "1995"]
[BlackElo "1743"]
[PlyCount "89"]
[EventDate "2017.12.26"]
[EventType "team-swiss"]
[EventRounds "7"]
[EventCountry "GER"]
[SourceTitle "CBM 182 Extra"]
[Source "ChessBase"]
[SourceDate "2018.02.23"]
[SourceVersion "1"]
[SourceVersionDate "2018.02.23"]
[SourceQuality "1"]
[WhiteTeam "Leipzig Turm"]
[BlackTeam "Graefelfing"]
[WhiteTeamCountry "GER"]
[BlackTeamCountry "GER"]

1. e4 g6 2. d4 Bg7 3. Nc3 d6 4. Be3 Nd7 5. Qd2 b6 6. Bc4 Bb7 7. f3 Ngf6 8. Bh6 0-0 9. 0-0-0 c5 10. Nge2 a6 11. dxc5 Nxc5 12. h4 b5 13. Bb3 Nxb3+ 14. axb3 b4 15. Nd5 Bxd5 16. Bxg7 Kxg7 17. exd5 a5 18. Nd4 a4 19. bxa4 Rxa4 20. Nb3 Qa8 21. Qd4 Rc8 22. g4 Kg8 23. h5 Qb7 24. hxg6 fxg6 25. Rh2 Qa7 26. Qd3 Qd7 27. Rdh1 Kg7 28. Rh6 Rh8 29. Qd4 Kg8 30. Kb1 Ra8 31. Qxb4 Kf7 32. Qf4 Kg7 33. Qd4 Kf7 34. Qc4 Kg7 35. Qd4 Kf7 36. R6h2 Qb7 37. f4 Rac8 38. g5 Nh5 39. f5 Rhg8 40. Rf2 Ke8 41. f6 Kd7 42. Qe4 Rge8 43. Qe6+ Kd8 44. f7 Rf8 45. Na5 1-0

[Event "GER-ch U14"]
[Site "Willingen"]
[Date "2017.06.09"]
[Round "8"]
[White "Lieberwirth, Kasimir"]
[Black "Kotyk, Michael"]
[Result "1-0"]
[WhiteElo "1971"]
[BlackElo "1805"]
[PlyCount "51"]
[EventDate "2017.06.04"]
[EventType "swiss"]
[EventRounds "9"]
[EventCountry "GER"]
[SourceTitle "CBM 178 Extra"]
[Source "ChessBase"]
[SourceDate "2017.06.22"]
[SourceVersion "1"]
[SourceVersionDate "2017.06.22"]
[SourceQuality "1"]

1. e4 e5 2. Nf3 Nc6 3. Bb5 a6 4. Bxc6 dxc6 5. 0-0 Bg4 6. h3 h5 7. d3 Qf6 8. Nbd2 g5 9. Re1 Bd6 10. d4 Bxf3 11. Qxf3 Qg7 12. Nc4 g4 13. Qg3 exd4 14. Nxd6+ cxd6 15. Bf4 0-0-0 16. Bxd6 Qg6 17. Bb8 Rd7 18. Ba7 Rd6 19. Rad1 Nh6 20. Rxd4 Rxd4 21. Qb8+ Kd7 22. Qxb7+ Kd6 23. Bxd4 gxh3 24. e5+ Kd5 25. Qd7+ Kc4 26. b3+ 1-0

[Event "GER-ch U14"]
[Site "Willingen"]
[Date "2017.06.06"]
[Round "4"]
[White "Lieberwirth, Kasimir"]
[Black "Fidlin, Simon"]
[Result "1-0"]
[WhiteElo "1971"]
[BlackElo "1880"]
[PlyCount "75"]
[EventDate "2017.06.04"]
[EventType "swiss"]
[EventRounds "9"]
[EventCountry "GER"]
[SourceTitle "CBM 178 Extra"]
[Source "ChessBase"]
[SourceDate "2017.06.22"]
[SourceVersion "1"]
[SourceVersionDate "2017.06.22"]
[SourceQuality "1"]

1. e4 c5 2. Ne2 e5 3. g3 Nc6 4. Bg2 d6 5. 0-0 Nge7 6. c3 g6 7. d4 cxd4 8. cxd4 Bg7 9. d5 Nb8 10. Be3 0-0 11. Nbc3 a6 12. Rc1 Nd7 13. Qb3 f5 14. f3 Kh8 15. Qb4 Nf6 16. Bb6 Qd7 17. a4 Bh6 18. Rc2 f4 19. gxf4 Nh5 20. fxe5 dxe5 21. Nd1 Rf7 22. Rc7 Qe8 23. Qd6 Nf4 24. Nxf4 Bxf4 25. Nf2 Ng8 26. Rxf7 Qxf7 27. Nd3 Qe7 28. Qxe7 Nxe7 29. Bc7 Bd7 30. Nxf4 exf4 31. Bxf4 Bxa4 32. Bh3 Bb5 33. Rc1 Ng8 34. Be5+ Nf6 35. Bxf6+ Kg8 36. Be6+ Kf8 37. Rc7 Be8 38. Bg7# 1-0

[Event "GER-ch U14"]
[Site "Willingen"]
[Date "2017.06.04"]
[Round "1"]
[White "Paeslack, Luis"]
[Black "Lieberwirth, Kasimir"]
[Result "0-1"]
[WhiteElo "1791"]
[BlackElo "1971"]
[PlyCount "92"]
[EventDate "2017.06.04"]
[EventType "swiss"]
[EventRounds "9"]
[EventCountry "GER"]
[SourceTitle "CBM 178 Extra"]
[Source "ChessBase"]
[SourceDate "2017.06.22"]
[SourceVersion "1"]
[SourceVersionDate "2017.06.22"]
[SourceQuality "1"]

1. d4 d5 2. c4 c6 3. Nf3 Nf6 4. Nc3 dxc4 5. a4 Bf5 6. Ne5 Nbd7 7. Nxc4 Nb6 8. Ne5 a5 9. g3 e6 10. Bg2 Bb4 11. 0-0 h6 12. f3 Nfd7 13. e4 Nxe5 14. exf5 Nec4 15. fxe6 0-0 16. exf7+ Rxf7 17. Bh3 Re7 18. Ne4 Qd5 19. Bxh6 Qh5 20. Bg5 Qxh3 21. Bxe7 Bxe7 22. Re1 Qd7 23. b3 Nd6 24. Nc5 Qe8 25. Re6 Nd5 26. Qe2 Qf7 27. Re1 Nf5 28. Qd3 Bf6 29. R1e4 Nc7 30. Rxf6 Qxf6 31. Rf4 g6 32. Nd7 Qe6 33. Ne5 Nd5 34. Rg4 Nde7 35. Re4 Qd6 36. Qd2 Rd8 37. Qg5 Nxd4 38. Kg2 Ndf5 39. Nc4 Qc5 40. g4 Rd1 41. Kh3 Qf2 42. gxf5 Qxf3+ 43. Qg3 Qxe4 44. Qb8+ Kg7 45. f6+ Kxf6 46. Qh8+ Ke6 0-1

[Event "Leipzig VfB op 24th"]
[Site "Leipzig"]
[Date "2017.03.25"]
[Round "9"]
[White "Lieberwirth, Kasimir"]
[Black "Hoerr, Matthias"]
[Result "0-1"]
[WhiteElo "1918"]
[BlackElo "2203"]
[PlyCount "118"]
[EventDate "2017.03.21"]
[EventType "swiss"]
[EventRounds "9"]
[EventCountry "GER"]
[SourceTitle "EXT 2018"]
[Source "ChessBase"]
[SourceDate "2017.10.13"]
[SourceVersion "1"]
[SourceVersionDate "2017.10.13"]
[SourceQuality "1"]

1. e4 c5 2. Ne2 Nc6 3. g3 g6 4. Bg2 Bg7 5. c3 e5 6. 0-0 Nge7 7. Na3 0-0 8. Nc2 d5 9. d3 dxe4 10. dxe4 Bg4 11. f3 Be6 12. Ne3 Qc8 13. Qc2 f5 14. f4 Kh8 15. Nd5 fxe4 16. Nxe7 Nxe7 17. Bxe4 Bd5 18. Be3 Qc6 19. Bxd5 Nxd5 20. Bd2 Rfe8 21. c4 Nb4 22. Bxb4 cxb4 23. f5 Rac8 24. Qd2 Qc5+ 25. Kg2 Red8 26. Qg5 Qxc4 27. Rf2 Qe4+ 28. Kf1 gxf5 29. Rxf5 h6 30. Qg6 Rc2 31. Re1 Qxf5+ 32. Qxf5 Rf8 33. Qxf8+ Bxf8 34. Rb1 Kg7 35. Ke1 Kf6 36. Kd1 Rc7 37. Kd2 Ke6 38. Rf1 Be7 39. h4 Bc5 40. b3 Rd7+ 41. Kc2 a5 42. g4 Rg7 43. g5 hxg5 44. hxg5 Rxg5 45. Kd2 b6 46. Rf3 Rg2 47. Rf1 Rh2 48. Kd3 Kd5 49. Rd1 Rh3+ 50. Kc2+ Ke4 51. Rf1 Rh2 52. Kd1 Be3 53. Rf6 Kd3 54. Rd6+ Bd4 55. Nc1+ Ke3 56. Rg6 Rd2+ 57. Ke1 Bc3 58. Rg3+ Kf4 59. Ne2+ Rxe2+ 0-1

[Event "Leipzig VfB op 24th"]
[Site "Leipzig"]
[Date "2017.03.23"]
[Round "5"]
[White "Lieberwirth, Kasimir"]
[Black "Ehrlich, Kay"]
[Result "1-0"]
[WhiteElo "1918"]
[BlackElo "2023"]
[PlyCount "101"]
[EventDate "2017.03.21"]
[EventType "swiss"]
[EventRounds "9"]
[EventCountry "GER"]
[SourceTitle "EXT 2018"]
[Source "ChessBase"]
[SourceDate "2017.10.13"]
[SourceVersion "1"]
[SourceVersionDate "2017.10.13"]
[SourceQuality "1"]

1. e4 c5 2. Ne2 d6 3. g3 g6 4. Bg2 Bg7 5. c3 e6 6. d4 cxd4 7. cxd4 Ne7 8. Nbc3 0-0 9. 0-0 Nbc6 10. Be3 a6 11. Qd2 b5 12. Rac1 Bb7 13. h4 Qa5 14. b3 Rac8 15. Bh6 Bxh6 16. Qxh6 Nxd4 17. Nxd4 Rxc3 18. Nf3 f6 19. Nd4 Bc8 20. Bh3 f5 21. h5 b4 22. exf5 exf5 23. Rce1 Qc7 24. Ne6 Bxe6 25. Rxe6 Rf7 26. Rfe1 Rg7 27. Qg5 gxh5 28. Qxg7+ Kxg7 29. Rxe7+ Kf6 30. Rxc7 Rxc7 31. Bf1 d5 32. Bd3 a5 33. Kf1 Ra7 34. Bb5 Rc7 35. Kg2 Rc5 36. Bd3 Rc3 37. Bb1 h6 38. Rh1 Kg5 39. Rd1 Rc5 40. Re1 Kf6 41. f4 d4 42. Rd1 Rd5 43. Bd3 Rd8 44. Rc1 Rd5 45. Rc6+ Kg7 46. Rb6 Rc5 47. Bc4 a4 48. Rxb4 axb3 49. axb3 Rc7 50. Rb5 Rd7 51. Rd5 1-0

[Event "Leipzig VfB op 23rd"]
[Site "Leipzig"]
[Date "2016.03.20"]
[Round "9"]
[White "Pietzsch, Manuel"]
[Black "Lieberwirth, Kasimir"]
[Result "0-1"]
[WhiteElo "2127"]
[BlackElo "1700"]
[PlyCount "104"]
[EventDate "2016.03.15"]
[EventType "swiss"]
[EventRounds "9"]
[EventCountry "GER"]
[SourceTitle "EXT 2017"]
[Source "ChessBase"]
[SourceDate "2016.10.25"]
[SourceVersion "1"]
[SourceVersionDate "2016.10.25"]
[SourceQuality "1"]

1. e4 c5 2. Nf3 Nc6 3. d4 cxd4 4. c3 dxc3 5. Nxc3 e6 6. Bc4 a6 7. 0-0 Nge7 8. Bg5 f6 9. Be3 Ng6 10. Bb3 Bb4 11. Nd4 Na5 12. f4 Nxb3 13. Qxb3 Qe7 14. Nf5 exf5 15. Nd5 Qxe4 16. Rae1 Bxe1 17. Rxe1 Ne7 18. Bf2 Nxd5 19. Qxd5 Qe6 20. Rxe6+ dxe6 21. Qd6 Kf7 22. Qc7+ Kg6 23. Qe7 b5 24. h4 h5 25. Ba7 a5 26. Qc7 Rf8 27. Bc5 Rf7 28. Qc6 Bb7 29. Qxb5 Bd5 30. a3 Rb7 31. Qe2 Rb3 32. Qf2 Be4 33. Kh2 Rd3 34. Bd4 Rd8 35. Bc3 a4 36. Bb4 Rd1 37. Qb6 Rc8 38. Qxe6 Rdd8 39. Bc3 Re8 40. Qd7 Bc6 41. Qd3 Re4 42. Qg3+ Kh6 43. Qh3 Re2 44. Qxf5 Rxg2+ 45. Kh3 Re8 46. Be5 fxe5 47. fxe5 Rg4 48. e6 Rb8 49. b4 axb3 50. e7 b2 51. Qe6+ Rg6 52. Qe3+ Kh7 0-1